000 00475nam a2200193Ia 4500
005 20260429112006.0
008 260429s9999||||xx |||||||||||||| ||und||
020 _a9781292740072
041 _aEnglish
082 _a150
_bBOY
100 _aBoyd, Denise
245 0 _aLifespan development /
_cDenise Boyd
250 _a9th ed.
260 _aUnited Kingdom :
_bPearson,
_c2025.
300 _a547 p.; pbk
650 _aPsychology
700 _a Bee, Helen
942 _cTB
999 _c51783
_d51783